000 00263nam a2200109Ia 4500
008 190216s9999||||xx |||||||||||||| ||und||
100 _aDakshina Murthy
245 2 _aA Guide To Letter Writing
260 _bMerdin Publishers
650 _aReferences
942 _cREF
999 _c36127
_d36127